Xác định nguyên nhân gây bệnh trắng da trên cá bống tượng (Oxyeleotris marmoratus) nuôi bè : Báo cáo khoa học đề tài cấp bộ

Đề tài xác định nguyên nhân gây bệnh trắng da trên cá bống tượng nuôi bè. Từ đó cung cấp dữ liệu về bệnh trắng da nhằm làm cơ sở cho những biện pháp phòng trị bệnh.

Gardado en:
Detalles Bibliográficos
Autor Principal: Từ, Thanh Dung
Formato: Libro
Idioma:Undetermined
Publicado: Cần Thơ Trường Đại học Cần Thơ 2003
Những chủ đề:
Các nhãn: Engadir etiqueta
Sen Etiquetas, Sexa o primeiro en etiquetar este rexistro!
Thư viện lưu trữ: Trung tâm Học liệu Trường Đại học Cần Thơ
LEADER 01024nam a2200205Ia 4500
001 CTU_161645
008 210402s9999 xx 000 0 und d
082 |a 639.31 
082 |b D513 
100 |a Từ, Thanh Dung 
245 0 |a Xác định nguyên nhân gây bệnh trắng da trên cá bống tượng (Oxyeleotris marmoratus) nuôi bè : 
245 0 |b Báo cáo khoa học đề tài cấp bộ 
245 0 |c Từ Thanh Dung (Chủ nhiệm đề tài) 
260 |a Cần Thơ 
260 |b Trường Đại học Cần Thơ 
260 |c 2003 
520 |a Đề tài xác định nguyên nhân gây bệnh trắng da trên cá bống tượng nuôi bè. Từ đó cung cấp dữ liệu về bệnh trắng da nhằm làm cơ sở cho những biện pháp phòng trị bệnh. 
650 |a Freshwater fishes,Cá nước ngọt 
904 |i Trọng Hải 
980 |a Trung tâm Học liệu Trường Đại học Cần Thơ